000 00757nam a2200181Ia 4500
001 8866
003 GE_BSU
008 181216s||||||||xx |||||||||||||| ||und||
040 _cGE_BSU
245 _aსაპატრიარქოს უწყებანი.№6(706)2014. 13-19 თებერვალი
245 _bპატრიარქის ქადაგება,ქრონიკა, ინფორმაცია და სხვა.
245 _cრედ:დეკანოზი დავით შარაშენიძე და სხვა.
260 _c2014
300 _a19გვ.29სმ.
653 _aპერიოდიკა
653 _aსაპატრიარქოს უწყებანი
942 _cCR
999 _c42173
_d42173